Monitorovanie a hodnotenie stavu životného prostredia V. ostatné príspevky : [... z piatého odborného seminára, ... 11. septembra 2003 vo Zvolene] B.

Bibliographic Details
Corporate Author: Monitorovanie a hodnotenie stavu životného prostredia Zvolen. Slovensko (Author)
Other Authors: Kontrišová, Oľga, 1943- (Editor), Ollerová, Hana (Editor), Váľka, Jozef, 1952- (Editor)
Format: Conference Proceeding Book
Language:Slovak
Czech
English
PhysicalDescription:220 s. fotogr., sch., tab. 21 cm
Published: Zvolen Technická univerzita 2004
ISBN:8022815136
Edition:1. vyd.
Subjects:

MARC

LEADER 00000cam a2200000 a 4500
001 vtls001477950
003 SK-MaSNL
005 20260302073606.0
008 240226s2004 xo a f 100 0 slo
015 |a SNBA2004/11-06207 
020 |a 8022815136  |q (brož.) 
035 |a SNK000433250 
035 |a urn:nbn:sk:snk-amkouz 
035 |a urn:nbn:sk:snk-am008elb 
035 |a 992E7DDE-360F-466E-B92C-2F9126B031F2 
040 |a SNK  |b slo  |c SNK  |e AACR2 
041 0 |a slo  |a cze  |a eng 
044 |a xo  |c SK 
072 7 |a 502  |2 konspekt 
080 |a 502/504(082)=162.4=162.3=111  |2 1981 
080 |a 502/504  |2 1981 
080 |a 504.5  |2 1981 
080 |a 502.175  |2 1981 
080 |a (063)  |2 1981 
111 2 |a Monitorovanie a hodnotenie stavu životného prostredia  |n 5.  |c Zvolen. Slovensko  |d 2003  |4 aut  |9 738206 
245 1 0 |a Monitorovanie a hodnotenie stavu životného prostredia V.  |b ostatné príspevky : [... z piatého odborného seminára, ... 11. septembra 2003 vo Zvolene]  |n B.  |c [editori] Oľga Kontrišová, Hana Ollerová, Jozef Váľka 
250 |a 1. vyd. 
260 |a Zvolen  |b Technická univerzita  |c 2004 
300 |a 220 s.  |b fotogr., sch., tab.  |c 21 cm 
366 |e 60 kusov 
500 |a Čiast. text čes. a angl. 
504 |a Bibliogr. odkazy 
546 |a Čiast. text čes. a angl. Res. angl. 
650 0 7 |a životné prostredie  |2 SNKPH  |9 786 
650 0 7 |a znečistenie životného prostredia  |2 SNKPH  |9 988 
650 0 7 |a monitorovanie životného prostredia  |2 SNKPH  |9 3943 
655 7 |a zborníky konferencií  |2 SNKPH  |9 70153 
700 1 |a Kontrišová, Oľga,  |d 1943-  |4 edt  |9 192645 
700 1 |a Ollerová, Hana  |4 edt  |9 48979 
700 1 |a Váľka, Jozef,  |d 1952-  |4 edt  |9 151171 
919 |a 80-228-1513-6 
958 |a NB 
958 |a OND 
968 |d 50 
999 |c 1161487  |d 1163417 
952 |t P60, <03>, [BOOK], {603}  |a SNK  |b SNK  |y PREZ  |7 0  |p 17A0435686  |o snkSC 116482/B  |i snkKSP 8901/2004  |0 0  |1 0  |4 0  |d 2004-07-08  |f 1  |l 0  |r 2025-10-16 00:00:00  |w 2026-02-24 
952 |t P60, <04>, [BOOK], {604}  |a SNK  |b SNK  |y VYP  |7 0  |p 17A0435685  |o snkSC 116482/B D1  |i snkKSP 8902/2004  |0 0  |1 0  |4 0  |d 2004-07-08  |l 0  |r 2005-01-02 00:00:00  |w 2026-02-24